[Event "Porto San Giorgio op 20th"]
[Site "Porto San Giorgio"]
[Date "2008.08.21"]
[Round "1"]
[White "Di Bello, Nicolo"]
[Black "Trent, Lawrence"]
[Result "0-1"]
[WhiteElo "2046"]
[BlackElo "2470"]
[PlyCount "48"]
[EventDate "2008.08.21"]
[EventType "swiss"]
[EventRounds "9"]
[EventCountry "ITA"]
[SourceTitle "CBM 126 Extra"]
[Source "ChessBase"]
[SourceDate "2008.11.05"]
[SourceVersion "1"]
[SourceVersionDate "2008.11.05"]
[SourceQuality "1"]

1. d4 Nf6 2. Nf3 g6 3. Bf4 Bg7 4. Nbd2 d6 5. e4 0-0 6. Bd3 c5 7. c3 cxd4 8. cxd4 Nc6 9. Qb3 h6 10. Be3 Ng4 11. 0-0 e5 12. d5 Ne7 13. Nc4 f5 14. Rac1 Kh8 15. Bd2 Nf6 16. Rfe1 fxe4 17. Bxe4 Nxe4 18. Rxe4 Nxd5 19. Ncxe5 dxe5 20. Nxe5 Qf6 21. Nxg6+ Qxg6 22. Qxd5 Bh3 23. Re7 Rad8 24. Rxg7 Qxg7 0-1